LEADER 01077nam a2200253 i 4500 001 000000237682 003 CaOOAMICUS 005 20150108000000.0 008 150108s1971 it u000 u ita u 013 $a216587 040 $aSeMil$bita 100 1 $aBasaglia, Franco <1924-1980>.$0(OLS)http://semarc/name/16906 245 13$aLa maggioranza deviante /$cFranco Basaglia e Franca Basaglia Ongaro. 260 $aTorino :$bGiulio Einaudi,$ccopyr. 1971. 300 $a183 p. ;$c19 cm. 490 0 $aNuovo politecnico ;$v43 650 4$aControllo sociale.$0(OLS)http://semarc/subject/29242 650 4$aComportamento - Anomalie.$0(OLS)http://semarc/subject/42073 700 1 $aOngaro Basaglia, Franca <1928-2005>.$0(OLS)http://semarc/name/56857 830 0$aNuovo politecnico ;$v43.$0(OLS)http://semarc/title/6899 850 $aSeMil 852 $aSeMil$W1$xVenegono$y1$m3N I 269$j188028$B188028$CSeMilBibl$Z2$F198914 $81 996 $6245$aLa maggioranza deviante$9(OLS)http://semarc/title/338802 996 $6260$aTorino :$bGiulio Einaudi$9(OLS)http://semarc/publisher/29810 LEADER 00995nam a2200253 i 4500 001 000000049766 003 CaOOAMICUS 005 20120329000000.0 008 120329s1968 it u000 u ita u 013 $a20937 040 $aSeMil$bita 100 1 $aEvely, Louis.$0(OLS)http://semarc/name/17054 240 10$aHomelies sur la parole de Dieu.$0(OLS)http://semarc/title/75822 245 12$aA confronto col Vangelo /$cLouis Evely. 260 $aAssisi :$bCittadella,$cstampa 1968. 300 $a408 p. ;$c19 cm. 490 0 $aSpiritualitą del nostro tempo 650 4$aSpiritualitą.$0(OLS)http://semarc/subject/5428 830 0$aSpiritualitą del nostro tempo.$0(OLS)http://semarc/title/6291 850 $aSeMil 852 $aSeMil$W1$xVenegono$y1$m2C IV 358$j15921$B15921$CSeMilBibl$Z2$F15921 $81 961 $aOmaggio: Colombo don Umberto 996 $6245$aA confronto col Vangelo$9(OLS)http://semarc/title/75821 996 $6260$aAssisi :$bCittadella$9(OLS)http://semarc/publisher/29661